Guadalajara Best Scorer By Year - Statistics

General Stats
  • This quiz has been taken 51 times
    21 since last reset
  • The average score is 8 of 14
Answer Stats
Player % Correct
Javier Hernández
94%
Alan Pulido
81%
Omar Bravo
81%
Roberto Alvarado
81%
Adolfo Bautista
75%
José Juan Macías
56%
Alberto Medina
50%
Víctor Guzmán
50%
Ángel Zaldívar
44%
Omar Arellano
44%
Marco Fabián
38%
Rafael Márquez Lugo
38%
Rodolfo Pizarro
38%
Ramón Morales
31%
No matching quizzes found
Score Distribution
Percent of People with Each Score
Percentile by Number Answered
Your Score History
You have not taken this quiz since the last reset